=LDR 00000nam 2200000 4500 =001 INLIS000000000028056 =005 20150325114131.0 =006 =007 =008 Ind =035 ##$$0010-061300000028056 =041 ##$$a Ind =082 ##$$a 813 =090 ##$$a 813, End d =100 ##$$a Endah, Alberthine =245 ##$$a Detik terakhir, Albert Endah, 2004 =260 ##$$a 2004 $b Jakarta =300 ##$$a 243 hlm, 21 cm =650 ##$$a Fiksi Indonesia =850 ##$$a NBPNMAT